000 00327nam a22001337a 4500
008 170320b xxu||||| |||| 00| 0 eng d
020 _a9781585620111
041 _aeng
080 _22ND
_a616.8
100 _a7
101 _aSHM
245 _aNEUROLEPTIC MALIGNANAT SYNDROME AND RELATED CONDITIONS
_cMANN, S.C
942 _2udc
_cBK
999 _c8073
_d8073